000 00303nam a2200109Ia 4500
008 200302s9999 xx 000 0 und d
100 _aDavid Lloyd Jones
245 _aArchitecture and the Environment Bioclimatic Building Design
260 _bLaurence King Publishing
260 _c1998
300 _a255 P.,
999 _c5489
_d5489